书目信息 |
| 题名: |
刑事诉讼中证人证言相关问题研究
|
|
| 作者: | 秦野 著 | |
| 分册: | ||
| 出版信息: | 北京 中国人民公安大学出版社 2016 |
|
| 页数: | 175页 | |
| 开本: | 21cm | |
| 丛书名: | ||
| 单 册: | ||
| 中图分类: | D925.213.4 | |
| 科图分类: | ||
| 主题词: | 刑事诉讼--Xing Shi Su Song--证人--研究--中国 | |
| 电子资源: | ||
| ISBN: | 978-7-5653-2415-4 | |
| 000 | 00880nam0 22002291 450 | |
| 001 | 350740 | |
| 005 | 20161011152504.81 | |
| 010 | @a978-7-5653-2415-4@dCNY35.00 | |
| 100 | @a20160322d2016 em y0chiy50 ea | |
| 101 | 0 | @achi |
| 102 | @aCN@b110000 | |
| 105 | @ay z 000yy | |
| 106 | @ar | |
| 200 | 1 | @a刑事诉讼中证人证言相关问题研究@AXing Shi Su Song Zhong Zheng Ren Zheng Yan Xiang Guan Wen Ti Yan Jiu@f秦野著 |
| 210 | @a北京@c中国人民公安大学出版社@d2016 | |
| 215 | @a175页@d21cm | |
| 330 | @a本书围绕证言失真、证人做伪证、证人拒绝作证问题展开研究和矫正,并通过对与刑事诉讼中证人证言相关制度的价值基础的分析,对相应的规则、制度以及具体程序的探讨提出了相应的立法建议。 | |
| 606 | 0 | @a刑事诉讼@AXing Shi Su Song@x证人@x研究@y中国 |
| 690 | @aD925.213.4@v5 | |
| 701 | 0 | @a秦野@AQin Ye@f(1967~)@4著 |
| 801 | 0 | @aCN@bTANGWEI@c20160808 |
| 905 | @b0891545-9@dD925.213.4@e602@f5 | |
| 刑事诉讼中证人证言相关问题研究/秦野著 .-北京:中国人民公安大学出版社,2016 |
| 175页;21cm |
| ISBN 978-7-5653-2415-4:CNY35.00 |
| 本书围绕证言失真、证人做伪证、证人拒绝作证问题展开研究和矫正,并通过对与刑事诉讼中证人证言相关制度的价值基础的分析,对相应的规则、制度以及具体程序的探讨提出了相应的立法建议。 |
| ● |
| 相关链接 |
|
|
|
|
正题名:刑事诉讼中证人证言相关问题研究
索取号:D925.213.4/602
 
预约/预借
| 序号 | 登录号 | 条形码 | 馆藏地/架位号 | 状态 | 备注 |
| 1 | 0891545 | 208915450 | 第一样本阅览室/ [索取号:D925.213.4/602] | 在馆 | |
| 2 | 0891546 | 208915469 | 密集书库-史法系/ [索取号:D925.213.4/602] | 在馆 | |
| 3 | 0891547 | 208915478 | 第一借阅区/ [索取号:D925.213.4/602] | 在馆 | |
| 4 | 0891548 | 208915487 | 第一借阅区/ [索取号:D925.213.4/602] | 在馆 | |
| 5 | 0891549 | 208915496 | 第一借阅区/ [索取号:D925.213.4/602] | 在馆 |